Fill-in-the-Blank REM Song Titles - Statistics

General Stats
  • This quiz has been taken 26 times
  • The average score is 12 of 18
Answer Stats
% Correct
Losing My {Religion}
100%
{Orange} Crush
92%
Man on the {Moon}
88%
{Radio} {Free} Europe
88%
The One I {Love}
88%
Fall on {Me}
79%
Driver {8}
75%
Finest {Worksong}
71%
Don't go Back to {Rockville}
67%
{Gardening} at Night
54%
Near Wild {Heaven}
54%
Pretty {Persuasion}
54%
Radio {Song}
54%
Strange {Currencies}
54%
Flowers of {Guatemala}
50%
{Maps} and Legends
46%
{Seven} Chinese Brothers
46%
{Leaving} New York
42%
No matching quizzes found
Score Distribution
Percent of People with Each Score
Percentile by Number Answered
Your Score History
You have not taken this quiz